<?xml version="1.0" encoding="UTF-8"?><?xml-stylesheet type="text/xsl" href="static/style.xsl"?><OAI-PMH xmlns="http://www.openarchives.org/OAI/2.0/" xmlns:xsi="http://www.w3.org/2001/XMLSchema-instance" xsi:schemaLocation="http://www.openarchives.org/OAI/2.0/ http://www.openarchives.org/OAI/2.0/OAI-PMH.xsd"><responseDate>2026-04-27T19:45:05Z</responseDate><request verb="GetRecord" identifier="oai:uvadoc.uva.es:10324/3109" metadataPrefix="marc">https://uvadoc.uva.es/oai/request</request><GetRecord><record><header><identifier>oai:uvadoc.uva.es:10324/3109</identifier><datestamp>2021-06-23T11:31:20Z</datestamp><setSpec>com_10324_1175</setSpec><setSpec>com_10324_931</setSpec><setSpec>com_10324_894</setSpec><setSpec>col_10324_1355</setSpec></header><metadata><record xmlns="http://www.loc.gov/MARC21/slim" xmlns:doc="http://www.lyncode.com/xoai" xmlns:xsi="http://www.w3.org/2001/XMLSchema-instance" xmlns:dcterms="http://purl.org/dc/terms/" xsi:schemaLocation="http://www.loc.gov/MARC21/slim http://www.loc.gov/standards/marcxml/schema/MARC21slim.xsd">
<leader>00925njm 22002777a 4500</leader>
<datafield tag="042" ind1=" " ind2=" ">
<subfield code="a">dc</subfield>
</datafield>
<datafield tag="720" ind1=" " ind2=" ">
<subfield code="a">Martín Jiménez, Alfonso</subfield>
<subfield code="e">author</subfield>
</datafield>
<datafield tag="260" ind1=" " ind2=" ">
<subfield code="c">2006</subfield>
</datafield>
<datafield tag="520" ind1=" " ind2=" ">
<subfield code="a">En este artículo se trata de mostrar cómo se inició la disputa literaria entre Cervantes y Lope de Vega y la importancia que en ella tuvo la circulación manuscrita de sus obras antes de su publicación: Cervantes leyó el manuscrito del 'Arte nuevo de hacer comedias en este tiempo', de Lope de Vega, y lo atacó duramente en el capítulo 48 de la primera parte del 'Quijote', que también circuló en forma manuscrita antes de ser publicado en 1605. Lope de Vega leyó el manuscrito de la primera parte del 'Quijote', y le dio réplica en el prólogo de 'El peregrino en su patria', obra publicada en 1604.</subfield>
</datafield>
<datafield tag="024" ind2=" " ind1="8">
<subfield code="a">Etiópicas, 2006, 2, p. 1-77</subfield>
</datafield>
<datafield tag="024" ind2=" " ind1="8">
<subfield code="a">1698-689X</subfield>
</datafield>
<datafield tag="024" ind2=" " ind1="8">
<subfield code="a">http://uvadoc.uva.es/handle/10324/3109</subfield>
</datafield>
<datafield tag="024" ind2=" " ind1="8">
<subfield code="a">1</subfield>
</datafield>
<datafield tag="024" ind2=" " ind1="8">
<subfield code="a">2</subfield>
</datafield>
<datafield tag="024" ind2=" " ind1="8">
<subfield code="a">77</subfield>
</datafield>
<datafield tag="024" ind2=" " ind1="8">
<subfield code="a">Etiópicas</subfield>
</datafield>
<datafield ind1=" " ind2=" " tag="653">
<subfield code="a">Manuscrito primera parte Quijote</subfield>
</datafield>
<datafield ind1=" " ind2=" " tag="653">
<subfield code="a">Cervantes</subfield>
</datafield>
<datafield ind1=" " ind2=" " tag="653">
<subfield code="a">Lope de Vega</subfield>
</datafield>
<datafield tag="245" ind1="0" ind2="0">
<subfield code="a">El manuscrito de la primera parte del 'Quijote' y la disputa entre Cervantes y Lope de Vega</subfield>
</datafield>
</record></metadata></record></GetRecord></OAI-PMH>